000 00518nam a2200157Ia 4500
008 210716s2004 xx 000 0 und d
020 _a8120308387
041 _aeng
082 _a658.56 ADAE
100 _aAdam, everett E;Ebert, Ronald J.
245 _aProduction and operations management: concepts, models, and behavior.
_bconcepts, models, and behavior.
250 _a5
260 _aNew Delhi
_bPrentice Hall of India PVt Ltd.
_c2004
300 _axviii,729/1992
650 _aProduction & Operations Management
999 _c199197
_d199197